The soul /

Saved in:
Bibliographic Details
Main Author: Orgeval, Martin d'.
Format: Book
Language:English
Published: Göttingen : London : Steidl ; Thames & Hudson [distributor], 2010.
Subjects:
Tags: Add Tag
No Tags, Be the first to tag this record!
LEADER 00811cam a2200277Ia 4500
001 012879110-1
005 20110930110348.0
008 100616s2010 gw a 000 0 eng
015 |a GBB079394  |2 bnb 
016 7 |a 015590154  |2 Uk 
020 |a 9783869300726 (hbk.) 
020 |a 3869300728 (hbk.) 
035 0 |a ocn645706726 
040 |a UKM  |c UKM  |d YDXCP  |d OHX  |d BTCTA 
082 0 4 |a 779.092  |2 22 
090 |a TR659  |b .O74 2010 
100 1 |a Orgeval, Martin d'. 
245 1 4 |a The soul /  |c Martin d'Orgeval. 
260 |a Göttingen :  |b Steidl ;  |a London :  |b Thames & Hudson [distributor],  |c 2010. 
300 |a 1 v. (unpaged) :  |b chiefly col. ill. ;  |c 35 x 42 cm. 
650 0 |a Architectural photography. 
650 0 |a Photography, Artistic. 
899 |a 415_565269 
988 |a 20110830 
049 |a HLSS 
906 |0 OCLC